000 00620nam a2200205Ia 4500
003 OSt
005 20220714103333.0
008 210716s2010 xx 000 0 und d
020 _a9788173715310
040 _cAIMIT LIBRARY
041 _aeng
082 _a512
_21
_bCOHJ
100 _aCohen, Joel S.
_949082
245 _aComputer algebra and symbolk computation:
_bmathematical methods /
_cBy Joel S Cohen.
250 _a1st ed.
260 _aHyderabad :
_bUniversities Press ,
_c2010.
300 _axvii,448p. ;
_c24 cm.
650 _aIntegers rational numbers and fields
_949083
942 _2ddc
_cBK
_e1st
_k512 COHJ
999 _c192088
_d192088